| 000 | 00953nam a2200217Ia 4500 | ||
|---|---|---|---|
| 001 | 6512 | ||
| 008 | 260427s9999 xx 000 0 und d | ||
| 020 | _a9780873360814 | ||
| 245 | 4 |
_aThe fish and their gifts = Nā makana a nā iʻa/ _cJoshua Kaiponohea Stender |
|
| 260 |
_aHonolulu; _bKamehameha Schools Press; _c2004 |
||
| 300 |
_a60p; _c28x21cm |
||
| 520 | _aAfter a school of fish swim close together to make a floating mat to save a drowning boy, Kanaloa, the protector of fisherman grants each fish a special gift. Written and illustrated by ten middle- and high-school students from the Kanu o ka 'Āina New Century Public Charter School in Hawaii | ||
| 546 | _aHawaiian; English | ||
| 650 |
_aFolk literature _99329 |
||
| 650 |
_aIndigenous societies _99260 |
||
| 650 |
_aPN1-6790 Literature (General) _921 |
||
| 651 |
_aHawaii _92928 |
||
| 655 |
_aIllustrated volume _99330 |
||
| 942 | _cBK | ||
| 953 |
_8P _aSAFL _bSAFL _cSC _oPN1-6790 _yBK |
||
| 999 |
_c6512 _d6512 |
||